Top 10 Yankee Candle Scents - Statistics

General Stats
  • This quiz has been taken 40 times
  • The average score is 2 of 10
Answer Stats
Answer % Correct
F French Vanilla
69%
P Pumpkin
31%
M Macintosh
22%
P Pink Sands
17%
C Clean Cotton
8%
B Buttercream
6%
S Sage & Citrus
6%
C Cranberry Chutney
3%
V Vineyard
3%
S Sun & Sand
0%
No matching quizzes found
Score Distribution
Percent of People with Each Score
Percentile by Number Answered
Your Score History
You have not taken this quiz